Conan Gray - Complete Discography - Statistics

General Stats
  • This quiz has been taken 1,663 times
    67 since last reset
  • The average score is 57 of 69
Answer Stats
Track # Title % Correct
10. Heather
100%
15. (Live, Lost Verse) Heather
100%
6. The Cut That Always Bleeds
100%
14. (Live) The Cut That Always Bleeds
100%
17. The Best
98%
3. Vodka Cranberry
98%
1. Actor
95%
5. Alley Rose
95%
4. Romeo
95%
2. This Song
95%
5. Astronomy
93%
8. Caramel
93%
14. House That Always Rains
93%
3. Maniac
93%
15. Door
91%
8. Family Line
91%
1. Movies
91%
2. Never Ending Song
91%
12. Care
88%
6. Class Clown
88%
9. Connell
88%
3. Crush Culture
88%
13. Do I Dare
88%
1. Found Heaven
88%
2. Generation Why
88%
11. Memories
88%
16. Moths
88%
5. My World
88%
12. The Exit
88%
2. Wish You Were Sober
88%
7. Nauseous
86%
2. People Watching
86%
10. Sunset Tower
86%
13. Winner
86%
8. Bourgeoisieses
84%
11. Eleven Eleven
84%
13. Bed Rest
81%
11. Boys & Girls
81%
4. Greek God
81%
5. Lookalike
81%
(2021) Overdrive
81%
12. The Story
81%
6. Yours
81%
4. Lonely Dancers
79%
4. Best Friend
77%
1. Idle Town
77%
7. Jigsaw
77%
(2021) Telepath
77%
9. (Can We Be Friends?)
74%
1. Comfort Crowd
74%
3. Disaster
74%
12. Killing Me
74%
11. Little League
72%
4. (Online Love)
72%
9. Summer Child
72%
(2019) The King
72%
10. Eye Of The Night
70%
(2020, Feat. Lauv) Fake
70%
7. Fight or Flight
70%
10. Footnote
70%
(2024) Holidays
70%
7. Miss You
70%
8. Affluenza
67%
5. Checkmate
65%
9. Forever With Me
65%
(2018) Grow
65%
6. The Final Fight
63%
3. Fainted Love
60%
(2019) The Other Side
60%
No matching quizzes found
Score Distribution
Percent of People with Each Score
Percentile by Number Answered
Your Score History
You have not taken this quiz since the last reset